All about houseplants /

Bibliographic Details
Main Author: Hodgson, Larry
Corporate Author: Ortho Books
Other Authors: Lammers, Susan M., Lipanovich, Marianne
Format: Book
Language:English
Published: San Ramon, CA : Ortho Books, [1994]
Subjects:

MARC

Tag First Indicator Second Indicator Subfields
LEADER 00000cam a2200000 a 4500
001 in00001428921
005 20151020085214.0
008 940923s1994 caua 001 0 eng
010 |a  93086235  
019 |a 31232614 
020 |a 0897212649 
035 |a (OCoLC)31606314 
035 |9 AHR7324AM 
040 |a DLC  |c DLC  |d AGL  |d UtOrBLW 
049 |a TXAG 
050 0 0 |a SB419  |b .L334 1994 
070 0 |a SB419.L334  |b 1994 
072 0 |a F110 
082 0 0 |a 635.9/65  |2 20 
100 1 |a Hodgson, Larry. 
245 1 0 |a All about houseplants /  |c created and designed by the editorial staff of Ortho Books ; editor, Marianne Lipanovich ; writers, Larry Hodgson, Susan M. Lammers. 
264 1 |a San Ramon, CA :  |b Ortho Books,  |c [1994] 
264 4 |c ©1994 
300 |a 112 pages :  |b color illustrations ;  |c 28 cm. 
336 |a text  |b txt  |2 rdacontent 
337 |a unmediated  |b n  |2 rdamedia 
338 |a volume  |b nc  |2 rdacarrier 
500 |a Revised edition of: All about houseplants / Susan M. Lammers. c1982. 
500 |a Includes indexes. 
650 0 |a House plants. 
650 0 |a Indoor gardening. 
700 1 |a Lammers, Susan M. 
700 1 |a Lipanovich, Marianne. 
700 1 |a Lammers, Susan M.  |t All about houseplants. 
710 2 |a Ortho Books. 
999 |a MARS 
999 f f |s 30e01c4c-8cce-3d3f-bdb6-b3bf4564b92e  |i 7acb6114-3ca3-3d5d-9624-9a06a4dbc2b9  |t 0 
952 f f |p ric  |a Texas A&M University  |b Rellis Campus  |c Joint Library Facility  |d Remote Storage  |t 0  |e SB419 .L334 1994  |h Library of Congress classification  |i unmediated -- volume  |m A14823710485 
998 f f |a SB419 .L334 1994  |t 0  |l Remote Storage